UEFA Champions League teams of 2016/17 - Statistics

General Stats
  • This quiz has been taken 1,076 times
    1,025 since last reset
  • The average score is 24 of 32
Answer Stats
Country Answer % Correct
Spain Real Madrid
100%
Spain Barcelona
98%
Germany Bayern Munich
97%
England Manchester City
97%
Italy Juventus
95%
France Paris Saint Germain
95%
England Arsenal
94%
Germany Borussia Dortmund
94%
Portugal FC Porto
93%
Portugal Benfica
91%
England Tottenham Hotspur
90%
Spain Atlético Madrid
89%
Netherlands PSV Eindhoven
89%
Spain Sevilla
88%
Portugal Sporting CP
88%
England Leicester City
84%
Italy Napoli
84%
France Olympique Lyonnais
84%
Scotland Celtic
81%
France Monaco
79%
Ukraine FC Dynamo Kyiv
68%
Turkey Beşiktaş
64%
Belgium Club Brugge
63%
Switzerland FC Basel
63%
Denmark Copenhagen
54%
Russia CSKA Moscow
54%
Croatia Dinamo Zagreb
52%
Germany Borussia Mönchengladbach
47%
Poland Legia Warsaw
44%
Germany Bayer Leverkusen
41%
Bulgaria Ludogorets Razgrad
35%
Russia FC Rostov
22%
No matching quizzes found
Score Distribution
Percent of People with Each Score
Percentile by Number Answered
Your Score History
You have not taken this quiz since the last reset